00356nam a22001577a 4500003000500000020001900005038001200024082001700036100002200053245002700075250001200102260004000114300002200154500001500176563000700191NUST a 9788120343887 akhadija a670.423bKIB aKibbe, Richard R. aMachine Tool Practices a9th ed. aNew Delhi : bPHI Learning,c2009. a800 p. ; b28 cm. aPaperback. aPB